000 01186nam0a22002291 4500
001 rc\847388
005 20260407022538.0
035 _a(NLR Aleph) 006028271
090 _a7501213
_c7501213
100 _a20041129d1983 |||y0rusy50 ca
101 0 _arus
102 _aRU
105 _aa |||||||||
200 1 _aМонтаж технологического оборудования и трубопроводов компрессорной станции "Далматовская" (II очередь) газопровода Уренгой-Челябинск
_eТехн. отчет
_fМ-во монтаж. и спец. строит. работ СССР, Главметаллургмонтаж, [ЦБНТИ]
210 _aМ.
_cЦБНТИ Минмонтажспецстроя СССР
_d1983
215 _a[1], 16 с.
_cил.
_d21х30
712 0 1 _aСССР
_bГлавное упр. по монтажу технологического оборудования предприятий металургической промышленности
_9513260
_3RU\NLR\AUTH\8810007786
801 0 _aRU
_bNLR
_gpsbo
801 1 _aRU
_bELAR
_2rusmarc
852 _aNLR
_j83-8/1298
942 _cBOOK
980 _aNB